NLSUI OPAC header image

The natural moral law : (Record no. 31336)

MARC details
000 -LEADER
fixed length control field 01218cam a2200217 a 4500
001 - CONTROL NUMBER
control field 17116196
005 - DATE AND TIME OF LATEST TRANSACTION
control field 20260406134114.0
008 - FIXED-LENGTH DATA ELEMENTS--GENERAL INFORMATION
fixed length control field 120111s2012 nyu b 001 0 eng
010 ## - LIBRARY OF CONGRESS CONTROL NUMBER
LC control number 2012001483
020 ## - INTERNATIONAL STANDARD BOOK NUMBER
International Standard Book Number 9781107008427 (hbk)
082 ## - DEWEY DECIMAL CLASSIFICATION NUMBER
Classification number 340.112 AND
100 1# - MAIN ENTRY--PERSONAL NAME
Personal name Anderson, Owen
245 14 - TITLE STATEMENT
Title The natural moral law :
Remainder of title the good after modernity /
Statement of responsibility, etc. Owen Anderson
260 ## - PUBLICATION, DISTRIBUTION, ETC.
Place of publication, distribution, etc. New York :
Name of publisher, distributor, etc. Cambridge University Press,
Date of publication, distribution, etc. 2012.
300 ## - PHYSICAL DESCRIPTION
Extent xiii, 305 p. ;
Dimensions 24 cm.
365 ## - TRADE PRICE
Price amount Rs. 5741.00
505 8# - Contents
Contents Machine generated contents note: 1. The postmodern challenge: from modernity to postmodernity; 2. Traditional natural law: differences in Aristotle and Aquinas; 3. Patterns in historical thinking about the good; 4. The challenge of modernity: religious wars and the need for universal law; 5. The challenges of naturalism: legal realism or natural law; 6. Objectivity without a metaphysical foundation; 7. Contemporary natural law: practical rationality and legal opinions; 8. Natural law as a theory with metaphysical baggage: postmodern law; 9. Natural law as the moral law; 10. Natural moral law in a postmodern world.
650 #0 - SUBJECT ADDED ENTRY--TOPICAL TERM
Topical term or geographic name entry element Natural law.
650 #0 - SUBJECT ADDED ENTRY--TOPICAL TERM
Topical term or geographic name entry element Law and ethics.
942 ## - ADDED ENTRY ELEMENTS (KOHA)
Source of classification or shelving scheme Dewey Decimal Classification
Koha item type BOOKs
Holdings
Withdrawn status Lost status Damaged status Not for loan Home library Current library Shelving location Date acquired Cost, normal purchase price Total Checkouts Total Renewals Full call number Barcode Date last seen Date last checked out Price effective from Koha item type
        NLS NLS   30/05/2017 5791.00 2 2 340.112 AND 28657 06/04/2026 14/03/2026 30/05/2017 BOOKs